LEADER 01123nam a2200265 i 4500 001 000000244204 003 CaOOAMICUS 005 20150806000000.0 008 150806s1973 it u000 u ita u 013 $a223109 040 $aSeMil$bita 100 1 $aWolff, Otto <1911- >.$0(OLS)http://semarc/name/82387 240 10$aMahatma Gandhi : politik und gewaltlosigkeit.$0(OLS)http://semarc/title/346183 245 10$aMahatma Gandhi :$bpolitica e non-violenza /$cOtto Wolff. 260 $aRoma :$bPaoline,$c1973. 300 $a157 p., [4] p. di tav. ;$c18 cm. 490 0 $aStoria e personalità 500 $aContiene : Bibliografia. 600 14$aGandhi, Moh?nd?s Karamchand <1869-1948>.$0(OLS)http://semarc/subject/52516 830 0$aStoria e personalità [Paoline].$0(OLS)http://semarc/title/17069 850 $aSeMil 852 $aSeMil$W1$xVenegono$y1$m3J I 397$j194550$B194550$CSeMilBibl$Z2$F205332 $81 961 $aOmaggio: Martinelli don Romano 996 $6245$aMahatma Gandhi :$bpolitica e non-violenza$9(OLS)http://semarc/title/346182 996 $6260$aRoma :$bPaoline$9(OLS)http://semarc/publisher/29686 LEADER 01399nam a2200289 i 4500 001 000000110318 003 CaOOAMICUS 005 20021128000000.0 008 021128s1982 cg u000 u fre u 013 $a82999 040 $aSeMil$bita 245 10$aPhilosophie et droits de l'homme :$bactes de la 5. Semaine Philosophique de Kinshasa du 26 au 1. mai 1981. 260 $aKinshasa :$bFaculté de théologie catholique,$c1982. 300 $a492 p. ;$c24 cm. 490 0 $aRecherches philosophiques africaines ;$v7 500 $aFondo Card. C.M. Martini. 650 4$aFilosofia - Atti di congressi.$0(OLS)http://semarc/subject/57 650 4$aFilosofia africana.$0(OLS)http://semarc/subject/19138 650 4$aAfrica - Diritti umani.$0(OLS)http://semarc/subject/19625 700 1 $aSemaine Philosophique de Kinshasa <5. ; 1981 ; Kinshasa>.$0(OLS)http://semarc/name/46280 830 0$aRecherches philosophiques africaines ;$v7.$0(OLS)http://semarc/title/10570 850 $aSeMil 852 $aSeMil$W1$xVenegono$y1$m2P IV 110$j66216$B66216$CSeMilBibl$Z2$F104861 $81 941 1 $a4 961 $aOmaggio: Martini Card. Carlo Maria 996 $6245$aPhilosophie et droits de l'homme :$bactes de la 5. Semaine Philosophique de Kinshasa du 26 au 1. mai 1981$9(OLS)http://semarc/title/160340 996 $6260$aKinshasa :$bFaculté de théologie catholique$9(OLS)http://semarc/publisher/32156